[Event "Llinars del Valles op 1st"]
[Site "Llinars del Valles"]
[Date "2021.06.28"]
[Round "4"]
[White "Llonch Farres, Gerard"]
[Black "Izquierdo Fuster, Joan"]
[Result "1-0"]
[WhiteElo "1572"]
[BlackElo "1004"]
[PlyCount "85"]
[EventDate "2021.06.25"]
[EventType "swiss"]
[EventRounds "9"]
[EventCountry "ESP"]
[SourceTitle "CBM 203 Extra"]
[Source "ChessBase"]
[SourceDate "2021.09.30"]
[SourceVersion "1"]
[SourceVersionDate "2021.09.30"]
[SourceQuality "1"]

1. e4 e5 2. Nf3 Nc6 3. d4 d5 4. Nxe5 Nxe5 5. dxe5 d4 6. Bc4 c5 7. 0-0 Qc7 8. Qf3 Be6 9. Bd5 Ne7 10. Na3 a6 11. Nc4 Nc8 12. Bd2 Qd7 13. a4 Be7 14. Qb3 Bxd5 15. exd5 Bd8 16. e6 fxe6 17. dxe6 Qe7 18. Ne5 Bc7 19. Qxb7 Nb6 20. Qc6+ Kf8 21. Nd7+ Nxd7 22. exd7 Kf7 23. Qxc7 Rad8 24. Rfe1 Qxd7 25. Qxc5 Rhe8 26. Qh5+ Kg8 27. Rxe8+ Rxe8 28. Kf1 Qc6 29. Qf5 Rf8 30. Qd3 Qf6 31. f3 Qh4 32. Kg1 Rf6 33. Qc4+ Kf8 34. Qc5+ Kf7 35. Bg5 Qh5 36. Qc7+ Kg6 37. Bxf6 gxf6 38. Qd7 Qe5 39. Qg4+ Kf7 40. Qe4 Qc5 41. Qxh7+ Ke6 42. Re1+ Kd6 43. Qe7+ 1-0

[Event "Llinars del Valles op 1st"]
[Site "Llinars del Valles"]
[Date "2021.06.26"]
[Round "2"]
[White "Dominguez Laguna, Didac"]
[Black "Izquierdo Fuster, Joan"]
[Result "1-0"]
[WhiteElo "1467"]
[BlackElo "1004"]
[PlyCount "77"]
[EventDate "2021.06.25"]
[EventType "swiss"]
[EventRounds "9"]
[EventCountry "ESP"]
[SourceTitle "CBM 203 Extra"]
[Source "ChessBase"]
[SourceDate "2021.09.30"]
[SourceVersion "1"]
[SourceVersionDate "2021.09.30"]
[SourceQuality "1"]

1. e4 e5 2. Nf3 Nf6 3. Nc3 Nc6 4. Bb5 Bc5 5. d3 h6 6. 0-0 0-0 7. h3 Nd4 8. Nxe5 c6 9. Bc4 d5 10. exd5 cxd5 11. Bb3 Qc7 12. Nf3 Nxb3 13. axb3 Bd7 14. Re1 Bc6 15. Be3 Qb6 16. Na4 Bxa4 17. Rxa4 Rfe8 18. Bxc5 Qxc5 19. c3 Qd6 20. Rxe8+ Nxe8 21. Qe2 Qg6 22. Qe7 Nd6 23. Ne5 Nf5 24. Nxg6 Nxe7 25. Nxe7+ Kh7 26. Nxd5 a6 27. Re4 Kg6 28. g4 Kg5 29. Re7 Rf8 30. Rxb7 g6 31. c4 h5 32. gxh5 gxh5 33. c5 Kf5 34. c6 Ke6 35. c7 Rg8+ 36. Kf1 Kxd5 37. Rb8 Rg6 38. c8Q Rd6 39. Qc4+ 1-0

[Event "Roncana op-B 9th"]
[Site "Santa Eulalia de Roncana"]
[Date "2015.10.31"]
[Round "4"]
[White "Fernandez Herrera, Aleix"]
[Black "Izquierdo Fuster, Joan"]
[Result "1-0"]
[WhiteElo "1738"]
[BlackElo "1562"]
[PlyCount "65"]
[EventDate "2015.10.03"]
[EventType "swiss"]
[EventRounds "8"]
[EventCountry "ESP"]
[SourceTitle "EXT 2017"]
[Source "ChessBase"]
[SourceDate "2016.10.25"]
[SourceVersion "1"]
[SourceVersionDate "2016.10.25"]
[SourceQuality "1"]

1. e4 e5 2. Nf3 Nc6 3. Bb5 Nf6 4. Qe2 Bc5 5. 0-0 a6 6. Ba4 0-0 7. c3 Bb6 8. Rd1 d6 9. Bxc6 bxc6 10. d4 Qe7 11. Nbd2 Bd7 12. Nf1 c5 13. d5 Bb5 14. c4 Bd7 15. h3 h5 16. Ng3 Nh7 17. Nxh5 f6 18. Ng3 Ng5 19. Nh4 Qf7 20. Nhf5 Rfe8 21. Qg4 c6 22. Bxg5 fxg5 23. Qxg5 Bxf5 24. Nxf5 g6 25. Nh6+ Kg7 26. Nxf7 Kxf7 27. Qg4 Kf6 28. Qd7 a5 29. Qxd6+ Kg7 30. Qxc6 Bd8 31. Qxa8 Rf8 32. f3 Rf4 33. Kh2 1-0

[Event "Roncana op-B 9th"]
[Site "Santa Eulalia de Roncana"]
[Date "2015.10.24"]
[Round "3"]
[White "Izquierdo Fuster, Joan"]
[Black "Lopez Torralba, Oscar"]
[Result "0-1"]
[WhiteElo "1562"]
[BlackElo "1772"]
[PlyCount "138"]
[EventDate "2015.10.03"]
[EventType "swiss"]
[EventRounds "8"]
[EventCountry "ESP"]
[SourceTitle "EXT 2017"]
[Source "ChessBase"]
[SourceDate "2016.10.25"]
[SourceVersion "1"]
[SourceVersionDate "2016.10.25"]
[SourceQuality "1"]

1. e4 e5 2. Nf3 Nc6 3. d4 exd4 4. Nxd4 Nxd4 5. Qxd4 c5 6. Qe5+ Qe7 7. Qf4 Nf6 8. Bd3 g6 9. 0-0 d6 10. Bd2 Bg7 11. Nc3 0-0 12. Qh4 Qd8 13. Bg5 Be6 14. h3 h6 15. Bxh6 Bxh6 16. Qxh6 Nh7 17. h4 Qf6 18. f4 Qg7 19. Qxg7+ Kxg7 20. f5 Bd7 21. Nd5 Nf6 22. Ne7 Rae8 23. Nxg6 fxg6 24. fxg6 Re5 25. Rf3 Bg4 26. Re3 Nh5 27. Rf1 Rxf1+ 28. Bxf1 Kxg6 29. Rd3 Re6 30. Rd5 Kf6 31. Bc4 Rxe4 32. Rxd6+ Ke7 33. Bd3 Re1+ 34. Kf2 Rh1 35. Rh6 Rxh4 36. Rh7+ Kd6 37. Rxb7 a5 38. Ra7 Be6 39. Rxa5 Nf6 40. Ke3 Nd5+ 41. Kf2 Nb4 42. Bg6 Nxa2 43. Ra6+ Ke5 44. Ra5 Kd6 45. c3 Nc1 46. Ra3 Nb3 47. Bc2 c4 48. Kg3 Rh1 49. Ra2 Kc5 50. Kf4 Rh2 51. Ke5 Bd5 52. Bxb3 cxb3 53. Ra5+ Kc4 54. Ra4+ Kb5 55. Rb4+ Kc5 56. Rd4 Bxg2 57. Rd2 Rh5+ 58. Kf4 Bc6 59. Ke3 Rh4 60. Rd8 Rh1 61. Rb8 Bd5 62. Rb4 Rb1 63. Kd2 Rxb2+ 64. Kc1 Rc2+ 65. Kb1 Rxc3 66. Kb2 Kxb4 67. Kb1 Ka3 68. Ka1 b2+ 69. Kb1 Be4# 0-1

[Event "Roncana op-B 9th"]
[Site "Santa Eulalia de Roncana"]
[Date "2015.10.17"]
[Round "2"]
[White "Garrido Sanchez, Daniel"]
[Black "Izquierdo Fuster, Joan"]
[Result "1-0"]
[WhiteElo "1812"]
[BlackElo "1562"]
[PlyCount "155"]
[EventDate "2015.10.03"]
[EventType "swiss"]
[EventRounds "8"]
[EventCountry "ESP"]
[SourceTitle "EXT 2017"]
[Source "ChessBase"]
[SourceDate "2016.10.25"]
[SourceVersion "1"]
[SourceVersionDate "2016.10.25"]
[SourceQuality "1"]

1. e4 e5 2. Nf3 Nc6 3. d4 d5 4. dxe5 dxe4 5. Qxd8+ Nxd8 6. Ng5 Bf5 7. g3 h6 8. Nh3 Bg4 9. Bg2 Bf3 10. Bxf3 exf3 11. Ng1 Nc6 12. Nxf3 0-0-0 13. 0-0 f6 14. exf6 Nxf6 15. Nc3 Bd6 16. a3 a6 17. b3 g5 18. Bb2 Rhf8 19. Ne1 Rfe8 20. Nd3 Nd4 21. Rac1 h5 22. Kg2 Rg8 23. Rfe1 h4 24. Ne2 Bf4 25. Nexf4 gxf4 26. Nxf4 Ng4 27. h3 Nh6 28. Bxd4 Rxd4 29. Ne2 Rd7 30. g4 Nxg4 31. hxg4 Rxg4+ 32. Kh2 Rh7 33. Rg1 Rgg7 34. Rxg7 Rxg7 35. Kh3 Rf7 36. f4 Rh7 37. Rh1 Kd7 38. Kg4 Rg7+ 39. Kf3 Rh7 40. Nd4 Kd6 41. Rxh4 Rf7 42. Ne2 Kd5 43. Rh5+ Ke6 44. Nd4+ Kd6 45. Kg4 c5 46. Nf3 Re7 47. Ne5 Re8 48. Kf3 Rf8 49. Rh7 b5 50. Rh6+ Kd5 51. c4+ bxc4 52. bxc4+ Kd4 53. Rxa6 Kc3 54. Ra7 Rh8 55. Ke4 Rd8 56. a4 Rd4+ 57. Kf5 Rd1 58. a5 Ra1 59. a6 Kb4 60. Ke6 Ka5 61. f5 Kb6 62. Ra8 Rf1 63. f6 Kc7 64. f7 Kb6 65. f8Q Rxf8 66. Rxf8 Kxa6 67. Kd5 Kb6 68. Nd7+ Kc7 69. Nxc5 Kb6 70. Ne6 Ka5 71. c5 Kb5 72. c6 Kb4 73. c7 Kc3 74. c8Q+ Kd2 75. Qc4 Ke3 76. Qe4+ Kd2 77. Rf3 Kd1 78. Rf2 1-0

[Event "Llinars del Valles op-B 8th"]
[Site "Llinars del Valles"]
[Date "2015.05.02"]
[Round "4"]
[White "Gonzalez Navarro, Carlos Manuel"]
[Black "Izquierdo Fuster, Joan"]
[Result "0-1"]
[WhiteElo "1701"]
[BlackElo "1633"]
[PlyCount "48"]
[EventDate "2015.04.11"]
[EventType "swiss"]
[EventRounds "9"]
[EventCountry "ESP"]
[SourceTitle "EXT 2016"]
[Source "ChessBase"]
[SourceDate "2015.10.08"]
[SourceVersion "1"]
[SourceVersionDate "2015.10.08"]
[SourceQuality "1"]

1. e4 e5 2. Nf3 Nc6 3. Bc4 h6 4. 0-0 Bc5 5. d3 Nf6 6. c3 d6 7. b4 Bb6 8. a4 a5 9. b5 Ne7 10. Re1 Ng4 11. Be3 Bxe3 12. fxe3 c6 13. h3 h5 14. Ng5 d5 15. exd5 cxd5 16. Bb3 Nf5 17. hxg4 Ng3 18. Nxf7 Qf6 19. Nxh8 Bxg4 20. Qd2 0-0-0 21. Qf2 Nf5 22. e4 Rxh8 23. exf5 h4 24. Qc5+ Kb8 0-1

[Event "Vall del Tenes op 4th"]
[Site "Santa Eulalia de Roncana"]
[Date "2015.04.24"]
[Round "3"]
[White "Alcaraz Aguilera, David"]
[Black "Izquierdo Fuster, Joan"]
[Result "1-0"]
[WhiteElo "1833"]
[BlackElo "1633"]
[PlyCount "115"]
[EventDate "2015.04.10"]
[EventType "swiss"]
[EventRounds "8"]
[EventCountry "ESP"]
[SourceTitle "CBM 166 Extra"]
[Source "ChessBase"]
[SourceDate "2015.06.18"]
[SourceVersion "1"]
[SourceVersionDate "2015.06.18"]
[SourceQuality "1"]

1. b3 e5 2. Bb2 Nc6 3. e3 d5 4. Bb5 Nge7 5. Bxe5 Bd7 6. Bxc6 Nxc6 7. Bb2 Be7 8. Nf3 h6 9. Bxg7 Rh7 10. Bb2 Bf6 11. Nc3 d4 12. Ne4 Bg7 13. Qb1 Bf5 14. Ng3 Bg6 15. 0-0 d3 16. c3 Ne5 17. Nxe5 Bxe5 18. c4 Bxb2 19. Qxb2 h5 20. f4 h4 21. Nh1 Be4 22. Nf2 Bc6 23. Qe5+ Kf8 24. Qf5 Rg7 25. Ng4 Bd7 26. Qc5+ Qe7 27. Qxe7+ Kxe7 28. Ne5 Rag8 29. Rf2 Bh3 30. g3 f5 31. Kh1 hxg3 32. hxg3 Rh8 33. Rg1 Bg4+ 34. Kg2 Bh3+ 35. Kf3 Bg4+ 36. Nxg4 fxg4+ 37. Ke4 Ke6 38. Kxd3 Rd7+ 39. Kc3 c5 40. Rgg2 Rh1 41. Rh2 Rg1 42. Rhg2 Rh1 43. d3 Rd1 44. Rd2 Ra1 45. e4 Kf6 46. Kb2 Rh1 47. a3 a5 48. Rde2 Ke6 49. Re3 Rd1 50. Kc3 Rh7 51. Rd2 Rg1 52. d4 Kd6 53. e5+ Ke6 54. d5+ Kf5 55. e6 b5 56. e7 b4+ 57. axb4 axb4+ 58. Kc2 1-0

[Event "Llinars del Valles op-B 8th"]
[Site "Llinars del Valles"]
[Date "2014.06.21"]
[Round "8"]
[White "Turro Carreras, Ferran"]
[Black "Izquierdo Fuster, Joan"]
[Result "1-0"]
[WhiteElo "1700"]
[BlackElo "1700"]
[PlyCount "83"]
[EventDate "2014.04.26"]
[EventType "swiss"]
[EventRounds "8"]
[EventCountry "ESP"]
[SourceTitle "EXT 2018"]
[Source "ChessBase"]
[SourceDate "2017.10.13"]
[SourceVersion "1"]
[SourceVersionDate "2017.10.13"]
[SourceQuality "1"]

1. e4 e5 2. Nf3 Nc6 3. Bb5 Nge7 4. c3 d6 5. 0-0 Ng6 6. d4 Be7 7. d5 Bd7 8. Be3 a6 9. Ba4 0-0 10. Nbd2 Na5 11. Bc2 Bb5 12. Re1 c6 13. b4 Nc4 14. a4 Nb2 15. Qb1 Nd3 16. Bxd3 Bxd3 17. Qxd3 cxd5 18. Qxd5 Qc7 19. Rac1 Bf6 20. Nf1 Rac8 21. Ng3 Nf4 22. Bxf4 exf4 23. Nh5 Qd7 24. e5 Qf5 25. Nxf6+ gxf6 26. Qxd6 Rfe8 27. exf6 Re6 28. Rxe6 Qxe6 29. Qxf4 Rc6 30. Qb8+ Rc8 31. Qf4 Qc6 32. Qh6 Qxf6 33. Qxf6 Kf8 34. Re1 Re8 35. Qd6+ Re7 36. Qxe7+ Kg7 37. Qg5+ Kf8 38. Qe7+ Kg7 39. Qg5+ Kf8 40. Re7 h6 41. Qf6 b5 42. Qxf7# 1-0

[Event "Vall del Tenes op 3rd"]
[Site "Santa Eulalia de Roncana"]
[Date "2014.05.23"]
[Round "5"]
[White "Rius Planas, Josep"]
[Black "Izquierdo Fuster, Joan"]
[Result "1-0"]
[WhiteElo "1700"]
[BlackElo "1700"]
[PlyCount "113"]
[EventDate "2014.04.25"]
[EventType "swiss"]
[EventRounds "8"]
[EventCountry "ESP"]
[SourceTitle "CBM 160 Extra"]
[Source "ChessBase"]
[SourceDate "2014.07.01"]
[SourceVersion "1"]
[SourceVersionDate "2014.07.01"]
[SourceQuality "1"]

1. e4 e5 2. Nf3 Nc6 3. Nc3 Nf6 4. Bc4 Be7 5. d3 0-0 6. 0-0 d6 7. Nd5 Be6 8. Bg5 Nxd5 9. Bxe7 Ndxe7 10. Ng5 Bxc4 11. dxc4 h6 12. Nf3 Ng6 13. g3 Rb8 14. c3 b5 15. b3 b4 16. Qd5 Nce7 17. Qa5 Nc8 18. cxb4 Qe7 19. b5 f5 20. exf5 Rxf5 21. Qc3 e4 22. Nd4 Qe5 23. Qe3 Nce7 24. Nxf5 Nxf5 25. Qxa7 Rf8 26. Qb7 c5 27. Qd5+ Kh7 28. Qxe5 Nxe5 29. Kg2 h5 30. h4 Rg8 31. Rae1 Nh6 32. Rxe4 g5 33. Rd1 Nf5 34. Kf1 Rf8 35. Ke2 Nd4+ 36. Kf1 Ng4 37. Rd2 Nh2+ 38. Kg2 Ndf3 39. Re7+ Kg6 40. Rxd6+ Kf5 41. Rd5+ Kg4 42. Re4+ Rf4 43. gxf4 gxf4 44. Rg5+ Nxg5 45. hxg5 Nf3 46. g6 Nh4+ 47. Kf1 Nxg6 48. b6 Nf8 49. Re7 h4 50. Rg7+ Kf3 51. b7 h3 52. Rg1 Nd7 53. a4 Nb8 54. Rh1 Kg4 55. Rh2 Kh4 56. Ke2 Kg4 57. Kd3 1-0

[Event "Llinars del Valles op-B 8th"]
[Site "Llinars del Valles"]
[Date "2014.05.10"]
[Round "3"]
[White "Arias Prieto, Diana"]
[Black "Izquierdo Fuster, Joan"]
[Result "1-0"]
[WhiteElo "1787"]
[BlackElo "1700"]
[PlyCount "97"]
[EventDate "2014.04.26"]
[EventType "swiss"]
[EventRounds "8"]
[EventCountry "ESP"]
[SourceTitle "EXT 2015"]
[Source "ChessBase"]
[SourceDate "2014.11.20"]
[SourceVersion "1"]
[SourceVersionDate "2014.11.20"]
[SourceQuality "1"]

1. e4 e5 2. Nf3 d6 3. d4 Nc6 4. dxe5 Nxe5 5. Nxe5 dxe5 6. Qxd8+ Kxd8 7. Bc4 Ke8 8. 0-0 Bd7 9. Nc3 Bc5 10. Nd5 Kf8 11. Nxc7 Rd8 12. Kh1 Bc6 13. Bd5 Rd7 14. Bxc6 Rxc7 15. Bd5 Nf6 16. h3 h6 17. Bd2 Rd7 18. c4 Ke7 19. Rad1 Rc8 20. Bc3 Nxd5 21. Rxd5 Bd6 22. b3 Ke8 23. Rfd1 Rc6 24. Bxe5 Kf8 25. Bxd6+ Rdxd6 26. Rxd6 Rc8 27. Rd8+ Rxd8 28. Rxd8+ Ke7 29. Rb8 b6 30. Rb7+ Kd6 31. Rxa7 b5 32. e5+ Kc5 33. cxb5 Kxb5 34. Rxf7 Kb4 35. e6 Kc3 36. e7 Kb2 37. a4 Ka1 38. e8Q g5 39. Qe1+ Ka2 40. Rd7 h5 41. Rd2+ Ka3 42. Qa1+ Kb4 43. Rd4+ Kc5 44. Rc4+ Kd5 45. Qd4+ Ke6 46. Qb6+ Kf5 47. Qb5+ Ke6 48. Rc6+ Kd7 49. Qb7+ 1-0

[Event "Vall del Tenes op 3rd"]
[Site "Santa Eulalia de Roncana"]
[Date "2014.05.09"]
[Round "3"]
[White "Izquierdo Fuster, Joan"]
[Black "Viaplana Puigdomenech, Santi"]
[Result "0-1"]
[WhiteElo "1700"]
[BlackElo "1796"]
[PlyCount "72"]
[EventDate "2014.04.25"]
[EventType "swiss"]
[EventRounds "8"]
[EventCountry "ESP"]
[SourceTitle "CBM 160 Extra"]
[Source "ChessBase"]
[SourceDate "2014.07.01"]
[SourceVersion "1"]
[SourceVersionDate "2014.07.01"]
[SourceQuality "1"]

1. e4 e6 2. Be2 d5 3. e5 c5 4. c3 Nc6 5. Nf3 Nge7 6. d3 Ng6 7. g3 Ngxe5 8. Qa4 Bd7 9. Bg5 Nxf3+ 10. Bxf3 Qxg5 11. Be2 Nd4 12. Qd1 Nxe2 13. Qxe2 Qc1+ 14. Qd1 Qxd1+ 15. Kxd1 Be7 16. Nd2 0-0 17. Ke2 e5 18. h3 Bc6 19. Nf3 e4 20. Ne5 exd3+ 21. Kxd3 Bb5+ 22. Kc2 Bf6 23. Nf3 d4 24. Rac1 Be2 25. Ng1 Rfe8 26. Nxe2 Rxe2+ 27. Kb1 dxc3 28. bxc3 Rd8 29. Rc2 Rxc2 30. Kxc2 g6 31. f3 c4 32. Kb2 Rd3 33. Rc1 Rxf3 34. Ka3 Bxc3 35. Ka4 a6 36. Rb1 b5+ 0-1

[Event "Moia op 2nd"]
[Site "Moia"]
[Date "2013.11.08"]
[Round "7"]
[White "Izquierdo Fuster, Joan"]
[Black "Rius Planas, Josep"]
[Result "0-1"]
[WhiteElo "1189"]
[BlackElo "1700"]
[PlyCount "22"]
[EventDate "2013.09.20"]
[EventType "swiss"]
[EventRounds "8"]
[EventCountry "ESP"]
[SourceTitle "EXT 2015"]
[Source "ChessBase"]
[SourceDate "2014.11.20"]
[SourceVersion "1"]
[SourceVersionDate "2014.11.20"]
[SourceQuality "1"]

1. d4 d5 2. Nc3 Nf6 3. Bd2 e6 4. a3 c6 5. Nf3 Nbd7 6. Bg5 Be7 7. Bf4 0-0 8. Qd3 Nb6 9. h4 Nc4 10. Ng5 g6 11. Rb1 Bd6 0-1

[Event "Moia op 2nd"]
[Site "Moia"]
[Date "2013.10.18"]
[Round "5"]
[White "Genis Traveria, Ferran"]
[Black "Izquierdo Fuster, Joan"]
[Result "0-1"]
[WhiteElo "1700"]
[BlackElo "1189"]
[PlyCount "58"]
[EventDate "2013.09.20"]
[EventType "swiss"]
[EventRounds "8"]
[EventCountry "ESP"]
[SourceTitle "EXT 2015"]
[Source "ChessBase"]
[SourceDate "2014.11.20"]
[SourceVersion "1"]
[SourceVersionDate "2014.11.20"]
[SourceQuality "1"]

1. e4 e5 2. Nf3 Nc6 3. Bc4 h6 4. d4 exd4 5. Nxd4 Ne5 6. Bb3 Nf6 7. f3 c6 8. f4 Neg4 9. Qe2 d6 10. Qc4 Qe7 11. Qd3 Nxe4 12. Nd2 Nef2+ 13. Ne4 Nxd3+ 14. cxd3 Qh4+ 15. g3 Qh3 16. Ne2 d5 17. Nf2 Qg2 18. Rf1 Nxf2 19. Rxf2 Bb4+ 20. Bd2 Bxd2+ 21. Kxd2 Qxf2 22. Re1 Bg4 23. Bd1 0-0 24. Kc1 Qe3+ 25. Kc2 Bf5 26. Kc3 Qxd3+ 27. Kb4 Qc4+ 28. Ka3 b5 29. Bb3 Qc5# 0-1

[Event "Moia op 2nd"]
[Site "Moia"]
[Date "2013.10.11"]
[Round "4"]
[White "Izquierdo Fuster, Joan"]
[Black "Sola Vilaseca, Arcadi"]
[Result "1/2-1/2"]
[WhiteElo "1189"]
[BlackElo "1749"]
[PlyCount "33"]
[EventDate "2013.09.20"]
[EventType "swiss"]
[EventRounds "8"]
[EventCountry "ESP"]
[SourceTitle "EXT 2015"]
[Source "ChessBase"]
[SourceDate "2014.11.20"]
[SourceVersion "1"]
[SourceVersionDate "2014.11.20"]
[SourceQuality "1"]

1. d4 Nf6 2. Nc3 d5 3. h3 e6 4. Nf3 Bb4 5. Bd2 0-0 6. g4 h6 7. h4 Bxc3 8. bxc3 Ne4 9. Bf4 Nc6 10. e3 a6 11. g5 h5 12. Be2 g6 13. Bd3 Nxc3 14. Qd2 Ne4 15. Qc1 f5 16. c4 Nb4 17. Be2 1/2-1/2

[Event "Moia op 2nd"]
[Site "Moia"]
[Date "2013.09.27"]
[Round "2"]
[White "Rodriguez Lloret, Ricard"]
[Black "Izquierdo Fuster, Joan"]
[Result "1-0"]
[WhiteElo "1700"]
[BlackElo "1189"]
[PlyCount "47"]
[EventDate "2013.09.20"]
[EventType "swiss"]
[EventRounds "8"]
[EventCountry "ESP"]
[SourceTitle "EXT 2015"]
[Source "ChessBase"]
[SourceDate "2014.11.20"]
[SourceVersion "1"]
[SourceVersionDate "2014.11.20"]
[SourceQuality "1"]

1. e4 e5 2. Nf3 Nc6 3. d4 Bb4+ 4. c3 Ba5 5. dxe5 f6 6. exf6 Qxf6 7. Bc4 Nge7 8. Ng5 Rf8 9. 0-0 Ne5 10. Nxh7 Rh8 11. Nxf6+ gxf6 12. Na3 Bb6 13. Be3 c5 14. b4 d6 15. Qxd6 Bd7 16. bxc5 Ba5 17. Rad1 Bc6 18. Qxf6 Rh7 19. Qxe5 Bd8 20. Nb5 Rc8 21. Nd6+ Kf8 22. Nxc8 Ba5 23. Nxe7 Rxe7 24. Qh8# 1-0

[Event "Moia op 2nd"]
[Site "Moia"]
[Date "2013.09.20"]
[Round "1"]
[White "Izquierdo Fuster, Joan"]
[Black "Urena Casacuberta, Lluis"]
[Result "0-1"]
[WhiteElo "1189"]
[BlackElo "1918"]
[PlyCount "56"]
[EventDate "2013.09.20"]
[EventType "swiss"]
[EventRounds "8"]
[EventCountry "ESP"]
[SourceTitle "EXT 2015"]
[Source "ChessBase"]
[SourceDate "2014.11.20"]
[SourceVersion "1"]
[SourceVersionDate "2014.11.20"]
[SourceQuality "1"]

1. d4 Nf6 2. e3 g6 3. Nc3 Bg7 4. b3 0-0 5. Bd3 d5 6. h3 Nbd7 7. Qf3 e5 8. Nge2 e4 9. Nxe4 dxe4 10. Bxe4 Nxe4 11. Qxe4 c5 12. 0-0 cxd4 13. Bb2 d3 14. Bxg7 dxe2 15. Rfe1 Kxg7 16. Rxe2 Qg5 17. f4 Qg3 18. Rf1 Nf6 19. Qd4 Bxh3 20. Rf3 Qg4 21. Rxh3 Qxe2 22. Kh2 Rfd8 23. Qe5 Re8 24. Qd4 Rad8 25. Qxa7 Ng4+ 26. Kg3 Rxe3+ 27. Kh4 Nf6 28. Rxe3 Qg4# 0-1

[Event "Vall del Tenes op 2nd"]
[Site "Vall del Tenes"]
[Date "2013.05.31"]
[Round "8"]
[White "Izquierdo Fuster, Joan"]
[Black "Perez Ronquillo, Santi"]
[Result "1/2-1/2"]
[WhiteElo "1200"]
[BlackElo "1700"]
[PlyCount "39"]
[EventDate "2013.04.05"]
[EventType "swiss"]
[EventRounds "8"]
[EventCountry "ESP"]
[SourceTitle "EXT 2014"]
[Source "ChessBase"]
[SourceDate "2013.11.20"]
[SourceVersion "1"]
[SourceVersionDate "2013.11.20"]
[SourceQuality "1"]

1. e4 c5 2. d3 d6 3. Bf4 Nf6 4. h3 Nc6 5. Nc3 Qb6 6. Na4 Qb4+ 7. Nc3 Qxb2 8. Nd5 Nxd5 9. exd5 Nb4 10. Rc1 Nxd5 11. Bd2 Qf6 12. Ne2 e5 13. c3 Be7 14. d4 exd4 15. cxd4 cxd4 16. Qc2 0-0 17. Ng3 Nb4 18. Bxb4 Re8 19. Be2 Be6 20. 0-0 1/2-1/2